Building Self-Reliant India Through Techno-Rich Extension System in Agriculture and Allied Sectors / (Record no. 50040)

MARC details
000 -LEADER
fixed length control field 00737nam a22002537a 4500
003 - CONTROL NUMBER IDENTIFIER
control field OSt
008 - FIXED-LENGTH DATA ELEMENTS--GENERAL INFORMATION
fixed length control field 260408b |||||||| |||| 00| 0 eng d
020 ## - INTERNATIONAL STANDARD BOOK NUMBER
International Standard Book Number 9789390425631
082 ## - DEWEY DECIMAL CLASSIFICATION NUMBER
Classification number 630.7150954
Item number R88B
245 ## - TITLE STATEMENT
Title Building Self-Reliant India Through Techno-Rich Extension System in Agriculture and Allied Sectors /
Statement of responsibility, etc. by S. K. Roy...[et al.]
260 ## - PUBLICATION, DISTRIBUTION, ETC. (IMPRINT)
Place of publication, distribution, etc .- Delhi
Name of publisher, distributor, etc : IBPSS
Date of publication, distribution, etc , 2022
300 ## - PHYSICAL DESCRIPTION
Extent xv,331p.
650 ## - SUBJECT ADDED ENTRY--TOPICAL TERM
Topical term or geographic name as entry element Technology (Applied Sciences)
650 ## - SUBJECT ADDED ENTRY--TOPICAL TERM
Topical term or geographic name as entry element Agriculture and Related Technologies
650 ## - SUBJECT ADDED ENTRY--TOPICAL TERM
Topical term or geographic name as entry element Agriculture
650 ## - SUBJECT ADDED ENTRY--TOPICAL TERM
Topical term or geographic name as entry element Extension
650 ## - SUBJECT ADDED ENTRY--TOPICAL TERM
Topical term or geographic name as entry element Building
650 ## - SUBJECT ADDED ENTRY--TOPICAL TERM
Topical term or geographic name as entry element India
700 ## - ADDED ENTRY--PERSONAL NAME
Personal name Roy, S. K.
700 ## - ADDED ENTRY--PERSONAL NAME
Personal name Pal, P. P.
700 ## - ADDED ENTRY--PERSONAL NAME
Personal name Ghosh, P. K.
700 ## - ADDED ENTRY--PERSONAL NAME
Personal name Mishra, Anupam.
942 ## - ADDED ENTRY ELEMENTS (KOHA)
Source of classification or shelving scheme
Koha item type Books
Holdings
Withdrawn status Lost status Source of classification or shelving scheme Damaged status Not for loan Home library Current library Date acquired Source of acquisition Cost, normal purchase price Total Checkouts Full call number Barcode Date last seen Bill Date Koha item type Bill Number
          Dr. Rajendra Prasad Central Agricultural University Pusa, Dr. Rajendra Prasad Central Agricultural University Pusa, 08/04/2026 IBPS, Delhi 2950.00   630.7150954 R88B 87003 08/04/2026 28/01/2026 Books IBPS/021/2025-26
Hosted, Implemented, Customized & Maintained by: BestBookBuddies

Powered by Koha